Una axiología pedagógica de Erich Fromm : primera parte (Record no. 78541)

MARC details
000 -CABECERA
campo de control de longitud fija 00574nam a2200193 a 4500
005 - FECHA Y HORA DE LA ÚLTIMA TRANSACCIÓN
campo de control 20210223124041.0
008 - ELEMENTOS DE LONGITUD FIJA--INFORMACIÓN GENERAL
campo de control de longitud fija 991125n 000 0 spa u
035 ## - NÚMERO DE CONTROL DEL SISTEMA
Número de control de sistema UPN01000103205
100 1# - ASIENTO PRINCIPAL--NOMBRE PERSONAL
Nombre de persona Medina Arteaga, Luis
9 (RLIN) 29208
222 ## - TÍTULO CLAVE
Título clave REVISTA DE LA ESCUELA NORMAL SUPERIOR DE MEXICO
245 ## - MENCIÓN DE TÍTULO
Título Una axiología pedagógica de Erich Fromm : primera parte
300 ## - DESCRIPCIÓN FÍSICA
Extensión 15-17
362 0# - FECHAS DE PUBLICACIÓN Y/O DESIGNACIÓN SECUENCIAL
Fecha de publicación y/o designación secuencial 1986 4a época, no. 5, ene.-feb.
653 0# - TERMINO DE INDIZACION - NO CONTROLADO
Término no controlado FROMM, ERICH, 1900-1980
653 0# - TERMINO DE INDIZACION - NO CONTROLADO
Término no controlado PSICOANALISIS
653 0# - TERMINO DE INDIZACION - NO CONTROLADO
Término no controlado PSICOANALISTAS
904 ## - ELEMENTOS DE DATOS D LOCAL, LDD (RLIN)
a AC
b 041016
905 ## - TIPO DE MATERIAL
Tipo de material Articulo

No items available.